The coup / (Запис № 484725)

МАРК-запис
000 -LEADER
fixed length control field 02051cam a2200469 a 4500
001 - CONTROL NUMBER
control field coupjohn00updi
003 - CONTROL NUMBER IDENTIFIER
control field CaSfIA
005 - DATE AND TIME OF LATEST TRANSACTION
control field 20210118000014.0
007 - PHYSICAL DESCRIPTION FIXED FIELD--GENERAL INFORMATION
fixed length control field cr||||
008 - FIXED-LENGTH DATA ELEMENTS--GENERAL INFORMATION
fixed length control field 780503s1978 nyu 000 1 eng
010 ## - LIBRARY OF CONGRESS CONTROL NUMBER
LC control number 78055399
040 ## - CATALOGING SOURCE
Original cataloging agency DLC
Transcribing agency DLC
Modifying agency OCLCQ
-- OCL
-- BAKER
-- NLGGC
-- BTCTA
-- CLU
-- CUV
-- CaSfIA
019 ## -
-- 5930649
-- 11179588
-- 11678654
-- 28061778
020 ## - INTERNATIONAL STANDARD BOOK NUMBER
International Standard Book Number 039450268X
020 ## - INTERNATIONAL STANDARD BOOK NUMBER
International Standard Book Number 9780394502687
020 ## - INTERNATIONAL STANDARD BOOK NUMBER
International Standard Book Number 0394503554 (lim. ed.)
020 ## - INTERNATIONAL STANDARD BOOK NUMBER
International Standard Book Number 9780394503554 (lim. ed.)
035 ## - SYSTEM CONTROL NUMBER
System control number (OCoLC)3915411
Canceled/invalid control number (OCoLC)5930649
-- (OCoLC)11179588
-- (OCoLC)11678654
-- (OCoLC)28061778
043 ## - GEOGRAPHIC AREA CODE
Geographic area code f------
050 00 - LIBRARY OF CONGRESS CALL NUMBER
Classification number PS3571.P4
Item number C58
050 04 - LIBRARY OF CONGRESS CALL NUMBER
Classification number PZ4.U64
Item number Cn 1978
051 ## - LIBRARY OF CONGRESS COPY, ISSUE, OFFPRINT STATEMENT
Classification number PS3571.P4
Item number C58 1978b
Copy information Another issue. "Of the first edition ... three hundred and fifty copies have been printed on special paper and specially bound. Each copy is signed by the author and numbered"--Prefixed leaf. LC has copy no. 183.
082 00 - DEWEY DECIMAL CLASSIFICATION NUMBER
Classification number 813/.5/4
084 ## - OTHER CLASSIFICATION NUMBER
Classification number 18.06
Source of number bcl
029 1# - (OCLC)
OCLC library identifier NLGGC
System control number 785458891
029 1# - (OCLC)
OCLC library identifier NZ1
System control number 3579644
029 1# - (OCLC)
OCLC library identifier AU@
System control number 000001194034
100 1# - MAIN ENTRY--PERSONAL NAME
Personal name Updike, John.
245 14 - TITLE STATEMENT
Title The coup /
Medium [electronic resource]
Statement of responsibility, etc John Updike.
250 ## - EDITION STATEMENT
Edition statement 1st ed.
260 ## - PUBLICATION, DISTRIBUTION, ETC. (IMPRINT)
Place of publication, distribution, etc New York :
Name of publisher, distributor, etc Knopf,
Date of publication, distribution, etc 1978.
300 ## - PHYSICAL DESCRIPTION
Extent 298 p. ;
Dimensions 22 cm.
506 ## - RESTRICTIONS ON ACCESS NOTE
Standardized terminology for access restriction Необхідна авторизація на https://archive.org/ (створення облікового запису безкоштовно)
506 ## - RESTRICTIONS ON ACCESS NOTE
Standardized terminology for access restriction Необхідна авторизація на https://openlibrary.org/ (створення облікового запису безкоштовно)
651 #0 - SUBJECT ADDED ENTRY--GEOGRAPHIC NAME
Geographic name Africa
Form subdivision Fiction.
650 #0 - SUBJECT ADDED ENTRY--TOPICAL TERM
Topical term or geographic name as entry element Exiles
Form subdivision Fiction.
655 #7 - INDEX TERM--GENRE/FORM
Genre/form data or focus term Political fiction.
Source of term lcsh
776 08 - ADDITIONAL PHYSICAL FORM ENTRY
Display text Online version:
Main entry heading Updike, John.
Title Coup.
Edition 1st ed.
Place, publisher, and date of publication New York : Knopf, 1978
Record control number (OCoLC)560361496
856 41 - ELECTRONIC LOCATION AND ACCESS
Uniform Resource Identifier <a href="http://www.archive.org/details/coupjohn00updi">http://www.archive.org/details/coupjohn00updi</a>
Public note Free eBook from the Internet Archive
856 42 - ELECTRONIC LOCATION AND ACCESS
Uniform Resource Identifier <a href="http://www.openlibrary.org/books/OL4742608M">http://www.openlibrary.org/books/OL4742608M</a>
Public note Additional information and access via Open Library
942 ## - ADDED ENTRY ELEMENTS (KOHA)
Koha item type ЕКнига

Немає доступних примірників.